Diccionario hispanoamericano de heráldica, onomástica y genealogía / (Record no. 10482)

MARC details
000 -LEADER
campo de control de longitud fija 03009nam a2200277 i 4500
001 - NÚMERO DE CONTROL
campo de control 10482
003 - IDENTIFICADOR DE NÚMERO DE CONTROL
campo de control ES-MaACL
005 - FECHA Y HORA DE LA ÚLTIMA TRANSACCIÓN
campo de control 20230906145910.0
007 - CAMPO FIJO DE DESCRIPCIÓN FÍSICA--INFORMACIÓN GENERAL
campo de control de longitud fija t|
008 - DATOS DE LONGITUD FIJA--INFORMACIÓN GENERAL
campo de control de longitud fija 950705m19952009sp ||||1| spa d
020 ## - NÚMERO INTERNACIONAL ESTÁNDAR DEL LIBRO
Número Internacional Estándar del Libro 84-920774-2-5
080 ## - NÚMERO DE LA CLASIFICACIÓN DECIMAL UNIVERSAL
Número de la Clasificación Decimal Universal 929(031)
100 1# - ENTRADA PRINCIPAL--NOMBRE DE PERSONA
Nombre de persona Mogrobejo, Endika de.
9 (RLIN) 81788
245 10 - MENCIÓN DEL TÍTULO
Título Diccionario hispanoamericano de heráldica, onomástica y genealogía /
Mención de responsabilidad, etc. Endika Mogrobejo ; con la colaboración de Aitziber, Iranzu y Garikoitz de Mogrobejo-Zabala.
260 ## - PUBLICACIÓN, DISTRIBUCIÓN, ETC.
Lugar de publicación, distribución, etc. Bilbao :
Nombre del editor, distribuidor, etc. Editorial Mogrobejo-Zabala,
Fecha de publicación, distribución, etc. [1995-<2013>]
300 ## - DESCRIPCIÓN FÍSICA
Extensión v. :
Otras características físicas il. ;
Dimensiones 28 cm.
500 ## - NOTA GENERAL
Nota general Adición al "Diccionario heráldico y genealógico de apellidos españoles y americanos", por Alberto y Arturo García Carraffa.
500 ## - NOTA GENERAL
Nota general Los vols. 1 a 15 contienen desde el apellido Urriza hasta la letra Z. A partir del vol. XVI(I) comienza la letra A.
505 8# - NOTA DE CONTENIDO CON FORMATO
Nota de contenido con formato Contiene: I : Urriza-Urtusaustegui-- II : Uruburu-Valcarcel-- III : Valcarcua-Valenzuela-- IV : Valeñani-Vallejo-- V : Vallejoller-Vargas-- VI : Varillas-Velázquez-- VII : Veldani-Vergara-- VIII : Vergas-Vilacorba-- IX Vilach-Villaloin-- X : Villalomez-Villavente-- XI : Villavedeo-Vitorica-- XII : Víu-Yezarbe-- XIII : Yoan-Zamora-- XIV : Zamorano-Zorroza-- XV : Zorrozaga-Zuzuarregui -- XVI(I) : Aanda-Aguirrazu -- XVII(II) : Aguirre-Alemán -- XVIII(III) : Alemparte-Amboage -- XIX(IV) : Ambram-Aragon -- XX(V) : Aragoncillo-Ariarte -- XXI(VI) : Arias-Arroitia -- XXII (VII) : Arrojo-Atuelles -- XXIII (VIII) : Atxer-Aznáriz -- XXIV (IX) : Azo-Barahona -- XXV (X) : Baraibar-Bascuñana -- XXVI (XI) : Base-Benita -- XXVII (XII) : Benitez-Bey -- XXVIII (XIII) : Beyan-Bonillo -- XXIX (XIV) : Bonin-Buforn -- XXX (XV) : Bugallal-Cachot -- XXXI (XVI) : Cachurro-Campmany -- XXXII(XVII): Campo-Carbajo -- XXXIII (XVIII): Carbajosa-Carrilero -- XXXIV (XIX): Carrillo-Castaños -- XXXV(XX): Castao-Cazurro -- XXXVI(XXI): Cea-Cezon -- XXXVII(XXII): Cia-Colom -- XXXVIII(XXIII): Coloma-Corraiz -- XXXIX (XXIV): Corral-Cuader -- XL(XXV): Cuadra-Chirinos -- XLI(XXVI): Chirivella-Diaz -- XLII(XXVII): Díaz de Arcaute-Dugiols -- XLIII (XXVIII): Duhart-Elizondo --XLIV(XXIX): Elmas-Escorial - XLV(XXX): Escoriaza-Ezabal - XLVI(XXXI): Ezama-Fernández -- XLVII(XXXII): Fernández-Florez -- XLVIII(XXXIII): Flori-Fustiñana -- IL(XXXIV): Gabacho-Garavito -- L(XXXV): Garay-García del Busto -- LI(XXXVI): García Caballero-Garvey -- LII(XXXVII): Garvia-Godinez -- LIII (XXXVIII): Godino-González -- LIV (XXXIX): González-González del Valle -- LV (XL): González Vallejo-Guerbillano -- LVI (XLI): Guereca-Gutris -- LVII (XLII): Guzmán-Hervás -- LVIII (XLIII): Hervias-Iborra -- LVIX (XLIV): Ibort-Ituño -- LX (XLV): Iturain-Jubero
650 14 - PUNTO DE ACCESO ADICIONAL DE MATERIA--TÉRMINO DE MATERIA
Término de materia o nombre geográfico como elemento de entrada Heráldica-
Subdivisión de forma Diccionarios.
9 (RLIN) 13316
650 14 - PUNTO DE ACCESO ADICIONAL DE MATERIA--TÉRMINO DE MATERIA
Término de materia o nombre geográfico como elemento de entrada Genealogía-
Subdivisión de forma Diccionarios.
9 (RLIN) 13047
700 1# - ENTRADA AGREGADA--NOMBRE PERSONAL
Nombre de persona Mogrobejo-Zabala, Aitziber.
9 (RLIN) 81789
700 1# - ENTRADA AGREGADA--NOMBRE PERSONAL
Nombre de persona Mogrobejo-Zabala, Irantzu.
9 (RLIN) 81791
700 1# - ENTRADA AGREGADA--NOMBRE PERSONAL
Nombre de persona Mogrobejo-Zabala, Garikoitz.
9 (RLIN) 81790
852 ## - LOCALIZACIÓN
Ubicación ES-MaACL
Número de control de estantería J-58 bis
Sublocalización o colección R.124002
Holdings
Estatus retirado Estado de pérdida Estado de daño No para préstamo Colección Biblioteca de origen Biblioteca actual Ubicación en estantería Fecha de adquisición Fuente de adquisición Total de préstamos Signatura topográfica completa Código de barras Visto por última vez Precio de reemplazo Tipo de ítem Koha
        Colección de referencia Biblioteca del Ateneo de Madrid Biblioteca del Ateneo de Madrid Depósito 2 17/01/2008     J-58 bis 1010692 23/02/2023 23/02/2023 Libro impreso